000
00318nam a22001457a 4500
008
221118b ||||| |||| 00| 0 eng d
020
_a
0674587278
041
_a
eng
080
_a
618
082
_a
618NOO
100
_a
15.2
101
_a
GJINE
245
_a
THE MORALITY OF ABORTION
_c
NOONAN T.J
942
_2
udc
_c
BK
999
_c
58960
_d
58960